000 00661nam a2200265Ia 4500
005 20260121161346.0
008 008 260114s9999 xx 000 0 eng d
020 _a9780203380574
037 _aEBOOK
040 _aCRL
040 _beng
040 _cCRL
041 _2eng
041 _aeng
084 _qCRL
100 _aFormulation in Psychology and Psychotherapy
_91043495
245 0 _aRudi Dallos; Lucy Johnstone
260 _bTaylor and Francis
260 _c2014
650 _aMental Health
_91043496
856 _uhttp://www.taylorfrancis.com/books/9780203380574
942 _cEBOOK
999 _c1610151
_d1610151